| 000 | 00601nam a2200181Ia 4500 | ||
|---|---|---|---|
| 003 | GCL | ||
| 008 | 140319s9999 xx 000 0 ara d | ||
| 040 |
_aGCL / _cGCL |
||
| 082 | 0 | 4 |
_aخ _b5000 _bP10 |
| 100 | 1 | _aوزارة الاسكان والتعمير | |
| 245 | 1 | 0 |
_aالقاهرة LE CAIRE P10 :- مقياس الرسم 1:5000 / _cوزارة الاسكان والتعمير |
| 260 |
_a[S.N] : _bالهيئة المصرية العامة للمساحة ، _c1986 |
||
| 490 | _a | ||
| 650 | 0 | 4 | _aالخرائط |
| 650 | 0 | 4 | _aالقاهرة |
| 650 | 0 | 4 | _aوادى الناصورى |
| 942 |
_2ddc _cBK |
||
| 999 |
_c36248 _d36248 |
||